000 01029nam a22002777a 4500
001 05878
003 HDC
007 cr bn ---aaaaa
008 210121b20062006xxu||||| |||| 00| 0 eng d
020 _a9780849321856
040 _aHDC
100 _aLee, Chi-Jen
_eauthor
_94534
245 0 _aBiotechnology-Derived Pharmaceuticals
_c/ Chi-Jen Lee [and 3 others]
260 _aUnited States:
_bCRC Press,
_c2006
300 _a1 online resource (8 pages);
_billustrations
336 _atext
_2rdacontent
337 _acomputer
_2rdamedia
338 _aonline resource
_2rdacarrier
500 _aOriginally from: Clinical Trials of Drugs and Biopharmaceuticals, 2006 (pages 469-476)
_aIncludes bibliographical references
650 _aBiopharmaceutics
_96169
650 _aDrug Industry
_96170
856 _zRequest full-text at [email protected]
942 _2lcc
942 _cCHAP
942 _kEBCH 004189
999 _c3202
_d3202